000 00778nam a2200241Ia 4500
001 3061
003 GE_BSU
008 181216s||||||||xx |||||||||||||| ||und||
020 _a581770120
040 _cGE_BSU
080 _a336.1(075.8)
100 _aХелферт, Эрик
245 _aТехника финансового анализа.
245 _bTechniques of financial analysis.
245 _cПеревод с английского под редакцией Л.П. Белых.Гл. ред. издательство Н.Д. Эриашвили.
260 _aМосква
260 _bЮНИТИ
260 _c1996
300 _a663 с. 20 см.
541 _h12 л. 50 т.
653 _aТехника финансового анализа
942 _cBK
999 _c37105
_d37105